Brunei International Airport Destinations(Bandar Seri Begawan, Brunei) - Statistics

General Stats
  • This quiz has been taken 113 times
    51 since last reset
  • The average score is 14 of 23
Answer Stats
Airline Destination % Correct
Indonesia AirAsia/Royal Brunei Airlines Jakarta (Soekarno-Hatta)
97%
Royal Brunei Airlines/Singapore Airlines Singapore
97%
Royal Brunei Airlines Bangkok (Suvarnabhumi)
91%
AirAsia/Royal Brunei Airlines Kuala Lumpur (International)
91%
Royal Brunei Airlines Beijing (Daxing)
89%
Cebu Pacific/Royal Brunei Airlines Manila
86%
Royal Brunei Airlines Tokyo (Narita)
86%
Royal Brunei Airlines Hong Kong
83%
Royal Brunei Airlines Ho Chi Minh City
77%
Royal Brunei Airlines Dubai (International)
71%
Royal Brunei Airlines Taipei (Taoyuan)
69%
Royal Brunei Airlines Seoul (Incheon)
66%
Royal Brunei Airlines Melbourne
60%
Royal Brunei Airlines London (Gatwick)
54%
Royal Brunei Airlines London (Heathrow)
54%
Royal Brunei Airlines Surabaya
49%
Royal Brunei Airlines Kuching
43%
Royal Brunei Airlines Jeddah
40%
Royal Brunei Airlines Kota Kinabalu
34%
Royal Brunei Airlines Balikpapan
11%
Royal Brunei Airlines Chennai
11%
Royal Brunei Airlines Hangzhou
9%
Royal Brunei Airlines Nanning
9%
No matching quizzes found
Score Distribution
Percent of People with Each Score
Percentile by Number Answered
Your Score History
You have not taken this quiz since the last reset